LEADER 00738cam0 22002533 450 001 SOB0018982 005 20210416095402.0 010 $a8806138839 100 $a20040211d1997 |||||ita|0103 ba 101 $aita 102 $aIT 200 1 $aMania$fDaniele Del Giudice 210 $aTorino$cEinaudi$d1997 215 $a128 p.$d22 cm 700 1$aDel_Giudice$b, Daniele$3AF00018061$4070$0151471 801 0$aIT$bUNISOB$c20210416$gRICA 850 $aUNISOB 852 $aUNISOB$j853$m112977 912 $aSOB0018982 940 $aM 102 Monografia moderna SBN 941 $aM 957 $a853$b000948$gSI$d112977$rACQUISTO$1Spinosa$2UNISOB$3UNISOB$420200303090511.0$520200303090520.0$6Spinosa 996 $aMania$91676534 997 $aUNISOB